• 首页
  • 本馆介绍
  • 公告通知
  • 最新文献
  • 馆藏检索
  • 电子资源
  • 读者导购
  • 参考咨询
  • 我的图书馆
  • 登录
  • 详细信息显示
  • 放入我的书架
  • 预约/预借图书
  • 作者相关作品
  • 分类相关作品
  • 丛书相关作品
  • 出版社相关作品

书目信息

  • 表格格式
  • 工作单格式
  • 卡片格式
题名:
常用农药安全使用速览
    
 
作者: 石明旺 , 杨蕊 主编
分册:  
出版信息: 北京   化学工业出版社  2017.4
页数: 447页
开本: 19cm
丛书名:
单 册:
中图分类: S48
科图分类:
主题词: 农药施用--安全技术
电子资源:
ISBN: 978-7-122-28854-7
000 00826nam0 2200241 450
001 0400005500
005 20171029170425.0
010    @a978-7-122-28854-7@dCNY49.00
100    @a20170427d2017 em y0chiy50 ea
101 0  @achi
102    @aCN@b110000
105    @ak z 000yy
106    @ar
200 1  @a常用农药安全使用速览@Achang yong nong yao an quan shi yong su lan@f石明旺,杨蕊主编
210    @a北京@c化学工业出版社@d2017.4
215    @a447页@d19cm
330    @a本书用表格的形式分门别类地展示了各类农药的特点、剂型和使用方法、适用范围等,形式简单、易看易记,还特别便于查阅,是一本关于农药安全使用的便捷工具书。
606 0  @a农药施用@x安全技术
690    @aS48@v5
701  0 @a石明旺@Ashi ming wang@4主编
701  0 @a杨蕊@Ayang rui@4主编
801  0 @aCN@b上海新华@c20171029
905    @b1028517-21@dS48@e132@f5
    
    常用农药安全使用速览/石明旺,杨蕊主编.-北京:化学工业出版社,2017.4
    447页;19cm
    
    
    ISBN 978-7-122-28854-7:CNY49.00
    本书用表格的形式分门别类地展示了各类农药的特点、剂型和使用方法、适用范围等,形式简单、易看易记,还特别便于查阅,是一本关于农药安全使用的便捷工具书。
●
相关链接 在E读中查询图书 在五车中查询图书 在当当中查询图书 在豆瓣中查询图书


正题名:常用农药安全使用速览     索取号:S48/132         预约/预借

序号 登录号 条形码 馆藏地/架位号 状态 备注
1 1028517   210285172   第二样本阅览室/ [索取号:S48/132] 在馆    
2 1028518   210285181   第三借阅区/ [索取号:S48/132] 在馆    
3 1028519   210285190   第三借阅区/ [索取号:S48/132] 在馆    
4 1028520   210285207   密集书库-生命科学系/ [索取号:S48/132] 在馆    
5 1028521   210285216   第三借阅区/ [索取号:S48/132] 在馆    
唐山师范学院图书馆 欢迎您!
大连网信软件有限公司© 版权所有